Most runs scored for SRH every batting position [IPL] - Statistics

General Stats
  • This quiz has been taken 44 times
  • The average score is 8 of 12
Answer Stats
Batting Position No of runs scored (No of balls faced) Opposition Year Answer % Correct
1st 126 (59) Kolkata Knight Riders 2017 David Warner
100%
2nd 100 (55) Royal Challengers Bangalore 2019 David Warner
100%
4th 104 (51) Royal Challengers Bangalore 2023 Heinrich Klaasen
83%
5th 64 (44) Gujarat Titans 2023 Heinrich Klaasen
83%
6th 53 (27) Delhi Capitals 2023 Heinrich Klaasen
83%
3rd 89 (51) Delhi Daredevils 2017 Kane Williamson
80%
9th 27 (26) Gujarat Titans 2023 Bhuvneshwar Kumar
78%
5th 64 (33) Chennai Super Kings 2022 Nicholas Pooran
55%
8th 40 (14) Rajasthan Royals 2022 Washington Sundar
50%
10th 19 (8) Rajasthan Royals 2023 Umran Malik
45%
11th 19 (11) Mumbai Indians 2015 Dale Steyn
28%
7th 60 (41) Rajasthan Royals 2013 Daren Sammy
25%
No matching quizzes found
Score Distribution
Percent of People with Each Score
Percentile by Number Answered
Your Score History
You have not taken this quiz